000 00499nam a2200181Ia 4500
008 230917s9999||||xx |||||||||||||| ||und||
020 _cRS839
040 _e245990
_aMAIN
041 _aEnglish
082 _a510.2462 K889A(10)
100 _aKreyszig, Erwin
245 0 _aAdvanced engineering mathematics: International version
250 _a10th ed.
260 _aNew Delhi
_bWiley india
_c2016
300 _av. p.
500 _a3047 23/02/2018 HBD18/7362 16/03/2018 Main Budget
942 _cBK
999 _c26107
_d26107